<?xml version="1.0" encoding="UTF-8"?><?xml-stylesheet type="text/xsl" href="static/style.xsl"?><OAI-PMH xmlns="http://www.openarchives.org/OAI/2.0/" xmlns:xsi="http://www.w3.org/2001/XMLSchema-instance" xsi:schemaLocation="http://www.openarchives.org/OAI/2.0/ http://www.openarchives.org/OAI/2.0/OAI-PMH.xsd"><responseDate>2026-04-14T07:47:49Z</responseDate><request verb="GetRecord" identifier="oai:www.recercat.cat:20.500.12327/2587" metadataPrefix="marc">https://recercat.cat/oai/request</request><GetRecord><record><header><identifier>oai:recercat.cat:20.500.12327/2587</identifier><datestamp>2025-10-22T10:54:53Z</datestamp><setSpec>com_2072_4428</setSpec><setSpec>com_2072_4427</setSpec><setSpec>col_2072_487896</setSpec></header><metadata><record xmlns="http://www.loc.gov/MARC21/slim" xmlns:dcterms="http://purl.org/dc/terms/" xmlns:xsi="http://www.w3.org/2001/XMLSchema-instance" xmlns:doc="http://www.lyncode.com/xoai" xsi:schemaLocation="http://www.loc.gov/MARC21/slim http://www.loc.gov/standards/marcxml/schema/MARC21slim.xsd">
   <leader>00925njm 22002777a 4500</leader>
   <datafield ind2=" " ind1=" " tag="042">
      <subfield code="a">dc</subfield>
   </datafield>
   <datafield ind2=" " ind1=" " tag="720">
      <subfield code="a">Ortega, Javier</subfield>
      <subfield code="e">author</subfield>
   </datafield>
   <datafield ind2=" " ind1=" " tag="720">
      <subfield code="a">de Juan, Lucía</subfield>
      <subfield code="e">author</subfield>
   </datafield>
   <datafield ind2=" " ind1=" " tag="720">
      <subfield code="a">Sevilla, Iker A.</subfield>
      <subfield code="e">author</subfield>
   </datafield>
   <datafield ind2=" " ind1=" " tag="720">
      <subfield code="a">Garrido, Joseba M.</subfield>
      <subfield code="e">author</subfield>
   </datafield>
   <datafield ind2=" " ind1=" " tag="720">
      <subfield code="a">Roy, Álvaro</subfield>
      <subfield code="e">author</subfield>
   </datafield>
   <datafield ind2=" " ind1=" " tag="720">
      <subfield code="a">Velasco, Carlos</subfield>
      <subfield code="e">author</subfield>
   </datafield>
   <datafield ind2=" " ind1=" " tag="720">
      <subfield code="a">Romero, Beatriz</subfield>
      <subfield code="e">author</subfield>
   </datafield>
   <datafield ind2=" " ind1=" " tag="720">
      <subfield code="a">Domínguez, Mercedes</subfield>
      <subfield code="e">author</subfield>
   </datafield>
   <datafield ind2=" " ind1=" " tag="720">
      <subfield code="a">Pérez de Val, Bernat</subfield>
      <subfield code="e">author</subfield>
   </datafield>
   <datafield ind2=" " ind1=" " tag="720">
      <subfield code="a">Nebot, Carolina</subfield>
      <subfield code="e">author</subfield>
   </datafield>
   <datafield ind2=" " ind1=" " tag="720">
      <subfield code="a">Sáez-Llorente, José Luis</subfield>
      <subfield code="e">author</subfield>
   </datafield>
   <datafield ind2=" " ind1=" " tag="720">
      <subfield code="a">Álvarez, Julio</subfield>
      <subfield code="e">author</subfield>
   </datafield>
   <datafield ind2=" " ind1=" " tag="720">
      <subfield code="a">Bezos, Javier</subfield>
      <subfield code="e">author</subfield>
   </datafield>
   <datafield ind2=" " ind1=" " tag="260">
      <subfield code="c">2023-06-12</subfield>
   </datafield>
   <datafield ind2=" " ind1=" " tag="520">
      <subfield code="a">La tuberculosis caprina (TB) es una zoonosis causada por miembros del complejo Mycobacterium tuberculosis (MTBC). Los programas de erradicación de la tuberculosis Caprine se basan principalmente en las pruebas de tuberculina intradérmica y la vigilancia de los mataderos. Diferentes factores pueden afectar el rendimiento de las&#xd;
pruebas de diagnóstico de tuberculosis utilizadas en los rebaños caprinos y, por lo tanto, su capacidad para detectar animales infectados. El presente estudio evalúa el efecto de la administración fraudulenta de dos sustancias antiin§amatorias, la dexametasona y el ketoprofeno, en el rendimiento de las técnicas de diagnóstico de la&#xd;
tuberculosis utilizadas en cabras, así como la idoneidad de la cromatografía líquida de alto rendimiento (HPLC) para su detección en muestras de cabello. Los animales (n = 90) se distribuyeron en tres grupos: (1) un grupo tratado con dexametasona (n = 30); un segundo grupo tratado con ketoprofeno (n = 30); y un tercer grupo de control no tratado (n = 30). Tanto los grupos de dexametasona como de ketoprofeno fueron sometidos a inoculación intramuscular con las sustancias 48 horas después de la&#xd;
administración de derivados proteicos puri¦cados bovinos y aviarios (PPD), es decir, 24 horas antes de que se interpretaran las pruebas. Todos los animales fueron sometidos a pruebas de tuberculina intradérmica únicas y comparativas (SIT y CIT, respectivamente), ensayo de liberación de interferón-gamma (IGRA) y ELISA P22. El número de reactores de prueba SIT fue signi¦cativamente menor en los grupos de dexametasona (p = 0,001) y ketoprofeno (p &lt; 0,001) 72 horas después de la&#xd;
inoculación de PPD en bovino en comparación con el grupo de control. Se detectó un número signi¦cativamente mayor de reactores positivos para IGRA dentro del grupo de dexametasona (p = 0,016) 72 horas después de la administración de PPD en comparación con el grupo de control. La detección de dexametasona y ketoprofeno en muestras de cabello o suero fue un desafío cuando se usó HPLC, ya que estas sustancias no se detectaron en animales cuyo grosor de pliegue de la piel (SFT) se redujo,&#xd;
lo que podría ser un problema si se utilizan con ¦nes fraudulentos. En conclusión, la administración parenteral de dexametasona o ketoprofeno 48 horas después de la administración de PPD puede reducir signi¦cativamente el aumento de SFT (mm) y, posteriormente, el número de reactores positivos para la prueba SIT.</subfield>
   </datafield>
   <datafield ind1="8" ind2=" " tag="024">
      <subfield code="a">http://hdl.handle.net/20.500.12327/2587</subfield>
   </datafield>
   <datafield ind2="0" ind1="0" tag="245">
      <subfield code="a">Efecto de una reciente administración parenteral dexametasona y ketoprofeno en el diagnóstico inmunológico de tuberculosis en cabras</subfield>
   </datafield>
</record></metadata></record></GetRecord></OAI-PMH>